| 000 | 00982nam a22003017a 4500 | ||
|---|---|---|---|
| 001 | 5492 | ||
| 003 | FISKH | ||
| 005 | 20241212120142.0 | ||
| 008 | 241212b cb ||||| |||| 00| 0 eng d | ||
| 020 | _a9780439613835 | ||
| 040 |
_aFISKH _beng _cFISKH _dFISKH |
||
| 050 | _aPZ7.R982 | ||
| 082 | _a808.899 | ||
| 100 | _aRylant, Cynthia | ||
| 245 |
_aMissing May / _cby Cynthia Rylant |
||
| 250 | _aFirst Scholastic paperback printing, October 2003 | ||
| 260 |
_aNew York : _bScholastic ; _c1992. |
||
| 300 |
_a89 pages : _billustrations ; _c20 cm . |
||
| 505 | _aZ | ||
| 520 | _aAfter the death of the beloved aunt who has raised her, twelve-year-old Summer and her uncle Ob leave their West Virginia trailer in search of the strength to go on living. | ||
| 521 | 8 |
_a980
_bLexile |
|
| 521 | 8 |
_aZ
_bRaz-Plus |
|
| 650 |
_afriendship _vFiction |
||
| 650 |
_afamily _vFiction |
||
| 700 |
_aMcDormand, Frances _eEdtior |
||
| 942 |
_2ddc _cBK _n0 |
||
| 999 |
_c5492 _d5492 |
||